| 000 | 00545nam a2200121 4500 | ||
|---|---|---|---|
| 050 | _aTP155 MR5 P3 2010 | ||
| 082 | _a615.19 P3m | ||
| 100 | _aParrales Bahena, Arianna | ||
| 245 | _aMejoramiento y control de los procesos de limpieza para los equipos de Industrias Químicas Falcón de México S.A. de C.V. / Arianna Parrales Bahena | ||
| 300 | _a42 p. / 29 cm. | ||
| 502 | _aMemoria de residencia profesional. Opción. X. I.T.Z. (Química) M.E.M. Deyanira Ochoa V squez | ||
| 650 | _a1. INDUSTRIA FARMACÉUTICA \ 2. PROCESOS DE LIMPIEZA-SEGURIDAD | ||
| 999 |
_c26352 _d26352 |
||